Los daños punitivos y las prestaciones de salud (Registro nro. 29587)

Detalles MARC
000 -LEADER
fixed length control field 00328 a2200109 4500
001 - CONTROL NUMBER
control field ART_39628
005 - DATE AND TIME OF LATEST TRANSACTION
control field 20260410161942.0
008 - FIXED-LENGTH DATA ELEMENTS--GENERAL INFORMATION
fixed length control field 260409a
100 1# - MAIN ENTRY--PERSONAL NAME
Personal name Favier, Daniela
245 10 - TITLE STATEMENT
Title Los daños punitivos y las prestaciones de salud
773 0# - HOST ITEM ENTRY
Title Temas de derecho laboral
Related parts - Nº 7 (jul. 2016)
Record control number REV27619

No hay ítems disponibles.